000
00204 a2200097 4500
001
58110
100
_a
245
_a
Curriculum organisation
260
_a
New Dehli
_b
D P H
_c
2007
090
_c
35619
_d
35619
942
_a
NUST-CAE
_c
M
_c
28468
999
_c
293183
_d
293183